Η κβαντική θεωρία και αι εξ αυτής συνέπειαι
Αποθηκεύτηκε σε:
| Κύριος συγγραφέας: | |
|---|---|
| Μορφή: | Βιβλίο |
| Γλώσσα: | Greek |
| Δημοσίευση: |
Αθήναι :
[χ.ό],
1964.
|
| Θέματα: | |
| Ετικέτες: |
Προσθήκη ετικέτας
Δεν υπάρχουν, Καταχωρήστε ετικέτα πρώτοι!
|
MARC
| LEADER | 00000cam a2200000 i 4500 | ||
|---|---|---|---|
| 001 | 1/105128 | ||
| 008 | 090518s1964 gr | ||| |||| ||gre|| | ||
| 035 | |l 10104696 | ||
| 040 | |a GR-MyUA |b gre |e AACR2 | ||
| 041 | 0 | |a gre | |
| 082 | 0 | |a 530.12 |2 (22) | |
| 100 | 1 | |a Κουρής, Χρήστος Β. | |
| 245 | 1 | 2 | |a Η κβαντική θεωρία και αι εξ αυτής συνέπειαι / |c Χρήστου Β. Κούρη. |
| 260 | |a Αθήναι : |b [χ.ό], |c 1964. | ||
| 300 | |a 271 σ. : |b σχέδια ; |c 25 εκ. | ||
| 504 | |a Περιέχει ευρετήριο. | ||
| 650 | 0 | 0 | |a Quantum theory. |
| 852 | |a INST |b SAMOS |c MAG |e 20090518 |h 530.12 ΚΟΥ |p 005300028734 |q 005300028734 |t BK |y 0 | ||
| 901 | |a BIBL3-2009-2 | ||
| 909 | |a Σ |b 157923 | ||
| 970 | |a ΣΙΤΖΙΜΗ |b ΓΙΑΣΕΜΗ |z 2009/05/18 | ||